000 00505nam a2200145Ia 4500
008 231221s9999 xx 000 0 und d
020 _a978-1-4614-6519-5
041 _aEnglish
100 _aAlvaro Cunha
245 0 _aTopics in Dynamics of Bridges, Volume 3
260 _c2013
_bSpringer New York
_aNew York
440 _aConference Proceedings of the Society for Experimental Mechanics Series
650 _aCivil Engineering; Vibration, Dynamical Systems, Control; Structural Mechanics
942 _cEB
999 _c227104
_d227104